Математика. Кн. 1 (Запись № 1797192)
[ простой вид ]
| 000 -МАРКЕР | |
|---|---|
| контрольное поле | 01260nam2a2200289 4500 |
| 001 - ИДЕНТИФИКАТОР ЗАПИСИ | |
| контрольное поле | RU\NLR\bibl\1812629 |
| 005 - ИДЕНТИФИКАТОР ВЕРСИИ | |
| контрольное поле | 20250616154217.0 |
| 010 ## - МЕЖДУНАРОДНЫЙ СТАНДАРТНЫЙ НОМЕР КНИГИ (ISBN) | |
| Номер (ISBN) | 978-5-7755-2298-8 |
| Тираж | 3000 |
| Уточнения | кн. 1 |
| 021 ## - НОМЕР ГОСУДАРСТВЕННОЙ РЕГИСТРАЦИИ | |
| Код страны | Российская Федерация |
| Номер | 2011-64532 |
| Номер Листа государственной регистраци | 4538 |
| 021 ## - НОМЕР ГОСУДАРСТВЕННОЙ РЕГИСТРАЦИИ | |
| Код страны | Российская Федерация |
| Номер | 2012-70783 |
| Номер Листа государственной регистраци | 5212 |
| 035 ## - ДРУГИЕ СИСТЕМНЫЕ НОМЕРА | |
| Идентификатор записи | (NLR Aleph) 001803227 |
| 100 ## - ДАННЫЕ ОБЩЕЙ ОБРАБОТКИ | |
| Данные общей обработки | 20110926d2012 |||y0rusy50 ca |
| 101 0# - ЯЗЫК РЕСУРСА | |
| Язык текста, звукозаписи и т.д. | русский |
| 102 ## - СТРАНА ПУБЛИКАЦИИ ИЛИ ПРОИЗВОДСТВА | |
| Страна публикации | Российская Федерация |
| 105 ## - ПОЛЕ КОДИРОВАННЫХ ДАННЫХ: ТЕКСТОВЫЕ МАТЕРИАЛЫ, МОНОГРАФИЧЕСКИЕ | |
| Кодированные данные о монографическом текстовом документе | a ||||||||| |
| 200 0# - ЗАГЛАВИЕ И СВЕДЕНИЯ ОБ ОТВЕТСТВЕННОСТИ | |
| Основное заглавие | Кн. 1 |
| 210 ## - ПУБЛИКАЦИЯ, РАСПРОСТРАНЕНИЕ И ДР. | |
| Дата издания, распространения и т.д. | 2012 [т.е. 2011] |
| Место издания, распространения и т.д. | Б. м. |
| 215 ## - ФИЗИЧЕСКАЯ ХАРАКТЕРИСТИКА | |
| Специфическое обозначение материала и объем | 143 с. |
| Другие сведения о физической характеристике | ил. |
| 300 ## - ОБЩИЕ ПРИМЕЧАНИЯ | |
| Текст примечания | Кн. фактически изд. в 2011 г. |
| 461 #0 - УРОВЕНЬ НАБОРА | |
| Встроенное поле | 001RU\NLR\bibl\1819091 |
| -- | 2001#$aМатематика$vКн. 1 |
| Системный номер (АБИС) связанной записи | 1853441 |
| Автор | Давыдов, В. В. (д-р психол. наук, математик ; 1930-1998) |
| Место публикации | Москва |
| Дата публикации | 2012 [т.е. 2011] |
| Издание | 9-е изд., перераб |
| Первые сведения об ответственности | В.В. Давыдов, С.Ф. Горбов, Г.Г. Микулина |
| Имя издателя, распространителя и т.д. | Вита Пресс |
| Сведения, относящиеся к заглавию | учебник для 4 класса начальной школы : [(система Д.Б. Эльконина - В.В. Давыдова)] : в 2 кн. |
| Заглавие | Математика |
| ISBN | 9785775523008 |
| Номер тома | Кн. 1 |
| 801 #0 - ИСТОЧНИК ЗАПИСИ | |
| Страна | Российская Федерация |
| Организация | NLR |
| Дата составления | 20110926 |
| Правила каталогизации | RCR |
| 801 #1 - ИСТОЧНИК ЗАПИСИ | |
| Страна | Российская Федерация |
| Организация | NLR |
| Дата составления | 20110926 |
| 942 ## - ДОПОЛНИТЕЛЬНЫЕ ЭЛЕМЕНТЫ ЗАПИСИ (АБИС) | |
| Тип экземпляра АБИС | Книга |
| 980 ## - КОЛЛЕКЦИЯ | |
| Название коллекции | Национальная библиография |
| Тип экземпляра | Дата поступления | Источник поступления | Библиотека постоянного хранения | Библиотека текущего хранения | Место хранения | Шифр хранения | Штрих-код | Статус экземпляра | Стоимость |
|---|---|---|---|---|---|---|---|---|---|
| Книга | 26.09.2011 | Обязательный экземпляр | РНБ (Московский) | РНБ (Московский) | Русский книжный фонд: издания с 1957 года | 2011-5/6910 | 3494807 | ||
| Книга | 26.09.2011 | Обязательный экземпляр | РНБ (Московский) | РНБ (Московский) | Обменный фонд | 3494808 | |||
| Книга | 11.10.2012 | Обязательный экземпляр | РНБ (Московский) | РНБ (Московский) | Обменный фонд | 3744652 | |||
| Книга | 11.10.2012 | Обязательный экземпляр | РНБ (Московский) | РНБ (Московский) | Обменный фонд | 3744653 | |||
| Книга | 14.11.2014 | Обязательный экземпляр | РНБ (Московский) | РНБ (Московский) | Обменный фонд | 1-732106 | 0.00 | ||
| Книга | 14.11.2014 | Обязательный экземпляр | РНБ (Московский) | РНБ (Московский) | Обменный фонд | 1-732107 | 0.00 |